Using visual basic.net (Record no. 168824)

MARC details
000 -LEADER
fixed length control field 00402nam a2200145Ia 4500
008 - FIXED-LENGTH DATA ELEMENTS--GENERAL INFORMATION
fixed length control field 231217s9999 xx 000 0 und d
041 ## - LANGUAGE CODE
Language code of text/sound track or separate title English
082 ## - DEWEY DECIMAL CLASSIFICATION NUMBER
Classification number 001.6424BAS SIL;1 `R'
100 ## - MAIN ENTRY--PERSONAL NAME
Personal name Siler, Brian Spotts, Jeff
245 #0 - TITLE STATEMENT
Title Using visual basic.net
260 ## - PUBLICATION, DISTRIBUTION, ETC.
Date of publication, distribution, etc. 2002
Name of publisher, distributor, etc. New Delhi : Pearson Education,
300 ## - PHYSICAL DESCRIPTION
Extent xiii+830
650 ## - SUBJECT ADDED ENTRY--TOPICAL TERM
Topical term or geographic name entry element Using,visual,basic.net,(Microsoft)
942 ## - ADDED ENTRY ELEMENTS (KOHA)
Koha item type Books
Holdings
Date last seen Total checkouts Full call number Accession number Cost, total (INR) price Price effective from Category Lost status Damaged status Department Withdrawn status Home library Current library Shelving location Entry date Vendor Cost, normal purchase price Grants Billnumber Billdate Currency symbol Conversion rate Discount Old discount
26/01/2024   001.6424BAS SIL;1 `R' 20964 318.75 26/01/2024 Books     Central Library   Central Library Central Library Library Annex 19/09/2002 Sai Books 375.00 MCA 1275 03/01/2005 RS 1 56.25 15
26/01/2024   001.6424NET SIL;2 R1 21666 318.75 26/01/2024 Books         Central Library Central Library   17/03/2003 Sapna Book House 375.00   16280 05/02/2005 RS 1 56.25 15

© For any Suggestions or Query, please contact the library staff @ librarian@pes.edu or Phone: +9180 2672 1983/ 2108.